Statistics for Countries at the Same Latitude as New York

Click here to take the quiz!

General Stats

  • This quiz has been taken 77 times
  • The average score is 15 of 18

Answer Stats

HintAnswer% Correct
76°50′EChina
97%
140°19′EJapan
97%
8°39′WPortugal
96%
6°54′WSpain
96%
8°13′EItaly
93%
26°20′ETurkey
90%
21°51′EGreece
89%
68°4′EKazakhstan
89%
52°57′ETurkmenistan
83%
61°58′EUzbekistan
83%
43°32′EArmenia
82%
45°10′EAzerbaijan
82%
19°28′EAlbania
79%
72°30′EKyrgyzstan
79%
126°5′ENorth Korea
79%
70°24′ETajikistan
79%
20°42′EMacedonia
68%
74°00′WUnited States
63%

Score Distribution

Percentile by Number Answered

Percent of People with Each Score

Your Score History

You have not taken this quiz